<?xml version="1.0" encoding="UTF-8"?>
<record
    xmlns:xsi="http://www.w3.org/2001/XMLSchema-instance"
    xsi:schemaLocation="http://www.loc.gov/MARC21/slim http://www.loc.gov/standards/marcxml/schema/MARC21slim.xsd"
    xmlns="http://www.loc.gov/MARC21/slim">

  <leader>01655nam1a2200373   4500</leader>
  <controlfield tag="001">RU\NLR\BIBL_A\022699751</controlfield>
  <controlfield tag="005">20260406134412.0</controlfield>
  <datafield tag="010" ind1=" " ind2=" ">
    <subfield code="a">978-5-09-129566-5</subfield>
  </datafield>
  <datafield tag="035" ind1=" " ind2=" ">
    <subfield code="a">(NLR Aleph) 022699751</subfield>
  </datafield>
  <datafield tag="090" ind1=" " ind2=" ">
    <subfield code="a">13536235</subfield>
    <subfield code="c">13536235</subfield>
  </datafield>
  <datafield tag="100" ind1=" " ind2=" ">
    <subfield code="a">20260113d2026    c  y0rusy50      ca</subfield>
  </datafield>
  <datafield tag="101" ind1="0" ind2=" ">
    <subfield code="a">rus</subfield>
  </datafield>
  <datafield tag="102" ind1=" " ind2=" ">
    <subfield code="a">RU</subfield>
  </datafield>
  <datafield tag="105" ind1=" " ind2=" ">
    <subfield code="a">    j        </subfield>
  </datafield>
  <datafield tag="181" ind1=" " ind2="0">
    <subfield code="a">i </subfield>
    <subfield code="b">axxe  </subfield>
  </datafield>
  <datafield tag="182" ind1=" " ind2="0">
    <subfield code="a">n</subfield>
  </datafield>
  <datafield tag="200" ind1="1" ind2=" ">
    <subfield code="a">&#x41C;&#x430;&#x442;&#x435;&#x43C;&#x430;&#x442;&#x438;&#x43A;&#x430;</subfield>
    <subfield code="e">4 &#x43A;&#x43B;&#x430;&#x441;&#x441;</subfield>
    <subfield code="e">&#x443;&#x447;&#x435;&#x431;&#x43D;&#x43E;&#x435; &#x43F;&#x43E;&#x441;&#x43E;&#x431;&#x438;&#x435;</subfield>
    <subfield code="e">&#x432; &#x441;&#x43E;&#x43E;&#x442;&#x432;&#x435;&#x442;&#x441;&#x442;&#x432;&#x438;&#x438; &#x441; &#x442;&#x440;&#x435;&#x431;&#x43E;&#x432;&#x430;&#x43D;&#x438;&#x44F;&#x43C;&#x438; &#x424;&#x435;&#x434;&#x435;&#x440;&#x430;&#x43B;&#x44C;&#x43D;&#x43E;&#x433;&#x43E; &#x433;&#x43E;&#x441;&#x443;&#x434;&#x430;&#x440;&#x441;&#x442;&#x432;&#x435;&#x43D;&#x43D;&#x43E;&#x433;&#x43E; &#x43E;&#x431;&#x440;&#x430;&#x437;&#x43E;&#x432;&#x430;&#x442;&#x435;&#x43B;&#x44C;&#x43D;&#x43E;&#x433;&#x43E; &#x441;&#x442;&#x430;&#x43D;&#x434;&#x430;&#x440;&#x442;&#x430; &#x43D;&#x430;&#x447;&#x430;&#x43B;&#x44C;&#x43D;&#x43E;&#x433;&#x43E; &#x43E;&#x431;&#x449;&#x435;&#x433;&#x43E; &#x43E;&#x431;&#x440;&#x430;&#x437;&#x43E;&#x432;&#x430;&#x43D;&#x438;&#x44F;</subfield>
    <subfield code="e">&#x432; &#x434;&#x432;&#x443;&#x445; &#x447;&#x430;&#x441;&#x442;&#x44F;&#x445;</subfield>
    <subfield code="f">&#x413;. &#x412;. &#x414;&#x43E;&#x440;&#x43E;&#x444;&#x435;&#x435;&#x432;, &#x422;. &#x41D;. &#x41C;&#x438;&#x440;&#x430;&#x43A;&#x43E;&#x432;&#x430;, &#x422;. &#x411;. &#x411;&#x443;&#x43A;&#x430;</subfield>
  </datafield>
  <datafield tag="203" ind1=" " ind2=" ">
    <subfield code="a">&#x422;&#x435;&#x43A;&#x441;&#x442;</subfield>
    <subfield code="b">&#x432;&#x438;&#x437;&#x443;&#x430;&#x43B;&#x44C;&#x43D;&#x44B;&#x439;</subfield>
    <subfield code="c">&#x43D;&#x435;&#x43F;&#x43E;&#x441;&#x440;&#x435;&#x434;&#x441;&#x442;&#x432;&#x435;&#x43D;&#x43D;&#x44B;&#x439;</subfield>
  </datafield>
  <datafield tag="205" ind1=" " ind2=" ">
    <subfield code="a">2-&#x435; &#x438;&#x437;&#x434;., &#x441;&#x442;&#x435;&#x440;.</subfield>
  </datafield>
  <datafield tag="210" ind1=" " ind2=" ">
    <subfield code="a">&#x41C;&#x43E;&#x441;&#x43A;&#x432;&#x430;</subfield>
    <subfield code="c">&#x41F;&#x440;&#x43E;&#x441;&#x432;&#x435;&#x449;&#x435;&#x43D;&#x438;&#x435;</subfield>
    <subfield code="d">2026</subfield>
  </datafield>
  <datafield tag="215" ind1=" " ind2=" ">
    <subfield code="d">26</subfield>
  </datafield>
  <datafield tag="225" ind1="1" ind2=" ">
    <subfield code="a">&#x41F;&#x435;&#x440;&#x441;&#x43F;&#x435;&#x43A;&#x442;&#x438;&#x432;&#x430;</subfield>
  </datafield>
  <datafield tag="225" ind1="1" ind2=" ">
    <subfield code="a">&#x424;&#x413;&#x41E;&#x421;</subfield>
  </datafield>
  <datafield tag="333" ind1=" " ind2=" ">
    <subfield code="a">6+</subfield>
  </datafield>
  <datafield tag="606" ind1="1" ind2=" ">
    <subfield code="a">&#x41C;&#x430;&#x442;&#x435;&#x43C;&#x430;&#x442;&#x438;&#x43A;&#x430;</subfield>
    <subfield code="j">&#x423;&#x447;&#x435;&#x431;&#x43D;&#x44B;&#x435; &#x438;&#x437;&#x434;&#x430;&#x43D;&#x438;&#x44F; &#x434;&#x43B;&#x44F; &#x43D;&#x430;&#x447;&#x430;&#x43B;&#x44C;&#x43D;&#x43E;&#x439; &#x448;&#x43A;&#x43E;&#x43B;&#x44B;</subfield>
    <subfield code="9">922118</subfield>
    <subfield code="3">RU\NLR\AUTH\6619329</subfield>
  </datafield>
  <datafield tag="686" ind1="3" ind2=" ">
    <subfield code="a">&#x412;10&#x44F;711-1</subfield>
  </datafield>
  <datafield tag="700" ind1=" " ind2="1">
    <subfield code="8">rus</subfield>
    <subfield code="7">ca</subfield>
    <subfield code="a">&#x414;&#x43E;&#x440;&#x43E;&#x444;&#x435;&#x435;&#x432;</subfield>
    <subfield code="b">&#x413;. &#x412;.</subfield>
    <subfield code="f">1938-2008</subfield>
    <subfield code="g">&#x413;&#x435;&#x43E;&#x440;&#x433;&#x438;&#x439; &#x412;&#x43B;&#x430;&#x434;&#x438;&#x43C;&#x438;&#x440;&#x43E;&#x432;&#x438;&#x447;</subfield>
    <subfield code="3">RU\NLR\AUTH\772205</subfield>
    <subfield code="9">112221</subfield>
  </datafield>
  <datafield tag="701" ind1=" " ind2="1">
    <subfield code="a">&#x41C;&#x438;&#x440;&#x430;&#x43A;&#x43E;&#x432;&#x430;</subfield>
    <subfield code="b">&#x422;. &#x41D;.</subfield>
    <subfield code="g">&#x422;&#x430;&#x442;&#x44C;&#x44F;&#x43D;&#x430; &#x41D;&#x438;&#x43A;&#x43E;&#x43B;&#x430;&#x435;&#x432;&#x43D;&#x430;</subfield>
  </datafield>
  <datafield tag="701" ind1=" " ind2="1">
    <subfield code="a">&#x411;&#x443;&#x43A;&#x430;</subfield>
    <subfield code="b">&#x422;. &#x411;.</subfield>
    <subfield code="g">&#x422;&#x430;&#x442;&#x44C;&#x44F;&#x43D;&#x430; &#x411;&#x43E;&#x440;&#x438;&#x441;&#x43E;&#x432;&#x43D;&#x430;</subfield>
  </datafield>
  <datafield tag="852" ind1=" " ind2=" ">
    <subfield code="a">NLR</subfield>
    <subfield code="j">2026-7/51</subfield>
  </datafield>
  <datafield tag="942" ind1=" " ind2=" ">
    <subfield code="c">BOOK</subfield>
  </datafield>
  <datafield tag="980" ind1=" " ind2=" ">
    <subfield code="a">NB</subfield>
  </datafield>
</record>
